00870nam a22001817a 450000500170000000800410001702000180005804000070007604100080008308200210009110000230011224500280013526000280016330000280019136500630021952003570028265000490063920250210124549.0250210b ||||| |||| 00| 0 eng d a9780367268428 cAL aeng 223a664.94bSANN aRamasamy Santhanam aNutritional marine life aLondonbCRC Pressc2024 axvii,278pbHBc23x16cm. 2Generala6390b₹1996.00c₹d₹2495.00e20%f6/02/2025 aThe nutritional benefits of marine flora and fauna are well known. Fish and crustaceans provide high-quality sources of amino acids-nutritionally important proteins found in only small amounts in cereals and grains. Nutrients and minerals in seafood can improve brain development and reproduction and there are strong links between fish and heart heal. 2Fish and Seafood ProcessingaFood Technology